000
00257nam a22001337a 4500
003
SGT
082
_a
616.024
_b
B09C
100
_a
CCRH
245
_a
BARYFAIODATA
260
_a
DELHI
_b
CCRH
_c
2009
300
_a
28
650
_a
HOMOEOPATHIC
942
_2
ddc
_c
BK
999
_c
18122
_d
18122